000
00325nam a2200133Ia 4500
005
20260328104329.0
008
260328s9999||||xx |||||||||||||| ||und||
100
_a
Skidmore, Owings & Merril
245
0
_a
SOM /
_c
Owings & Merril Skidmore
260
_b
Moncacelli
300
_a
244 p.
650
_a
ARQUITECTOS
942
_c
BK
999
_c
11627
_d
11627